000 00548nam a2200229Ia 4500
003 OSt
005 20221005130954.0
006 a|||||r|||| 00| 0
007 ta
008 221004b |||||||| |||| 00| 0 kan d
024 _a61947
037 _cTextual
040 _aCRL
_cCRL
_bkan
041 _2kan
_akan
082 _aR5, 33K5
100 _aShivarudrappa
_9638933
245 0 _aSaundrya sameekshe
260 _c1965
650 _aPHILOSOPHY
942 _hR5, 33K5
_cTEXL
_2cc
999 _c1058971
_d1058971